00401nam a2200109Ia 4500008004100000041001200041082002500053100001900078245016200097260002400259300000800283231217s9999 xx 000 0 und d aEnglish a001.6424C BAN;1 `R' aBanerjee, Avik 4aThe spirit of C and data structures using C ( For 111 sem CSE/ISE of VTU,11 sem BCA course,11 year B.tech of JNTU) (Free along with data structures by Kotur) c2001bMaruthi/Shiva a233